000 00848nam a2200253Ia 4500
003 OSt
005 20220923223909.0
006 a|||||r|||| 00| 0
007 ta
008 220922b |||||||| |||| 00| 0 hin d
024 _a223,063
037 _cTextual
040 _aARTS
_cARTS
_bhin
041 _2hin
_ahin
082 _aO152,3N177x, K7;P3
100 _aमुक्तिबोध, गजानन माधव
245 0 _aकाठ का सपना
246 _aKāṭh kā sapanā
260 _aनयी दिल्ली
_b भारतीय ज्ञानपीठ
_c2003
300 _a128पृ.
_ccm.
650 _aहिन्दी साहित्य
_9156264
942 _hO152,3N177x, K7;P3
_cTEXL
_2CC
999 _c368079
_d368079